Countries Younger than Justin Bieber Quiz Stats

 Plays Quiz Updated Mar 14, 2013

Challenge
Share
Tweet
Embed
Score 0/6 Timer 02:00
3 Plays Today
Country % Correct
South Sudan
87.9%
Kosovo
69.3%
Montenegro
57.4%
Serbia
55.1%
Timor-Leste
39.1%
Palau
14.9%

You're not logged in!

Compare scores with friends on all Sporcle quizzes.
OR
Log In

You Might Also Like...

Show Comments

Extras

Top Quizzes Today


Score Distribution

Your Account Isn't Verified!

In order to create a playlist on Sporcle, you need to verify the email address you used during registration. Go to your Sporcle Settings to finish the process.

Report this User

Report this user for behavior that violates our Community Guidelines.

Details: